Wastrewater treatment system in the university of rizal system (Record no. 1633)

MARC details
000 -LEADER
fixed length control field 00804nam a22002417a 4500
005 - DATE AND TIME OF LATEST TRANSACTION
control field 20220117113947.0
008 - FIXED-LENGTH DATA ELEMENTS--GENERAL INFORMATION
fixed length control field 200206b ||||| |||| 00| 0 eng d
041 ## - LANGUAGE CODE
Language code of text/sound track or separate title eng
043 ## - GEOGRAPHIC AREA CODE
Geographic area code a-ph---
050 14 - LIBRARY OF CONGRESS CALL NUMBER
Classification number QD281
Item number .C337 2015
100 ## - MAIN ENTRY--PERSONAL NAME
Personal name Cervitillo, Charlyn D.
245 ## - TITLE STATEMENT
Title <a href="Wastrewater treatment system in the university of rizal system ">Wastrewater treatment system in the university of rizal system </a>
260 ## - PUBLICATION, DISTRIBUTION, ETC. (IMPRINT)
Date of publication, distribution, etc October 2015
300 ## - PHYSICAL DESCRIPTION
Extent x, 70 leaves :
Other physical details illustrations ;
Dimensions 28 cm
336 ## - CONTENT TYPE
Source rda content
Content type term text
337 ## - MEDIA TYPE
Source rda media
Media type term unmediated
338 ## - CARRIER TYPE
Source rda carrier
Carrier type term volume
502 ## - DISSERTATION NOTE
Dissertation note Thesis
Degree type Bachelor of Science in Civil Engineering
Name of granting institution University of Rizal System-Morong
Year degree granted 2015
700 ## - ADDED ENTRY--PERSONAL NAME
Personal name Custodio, Ben Mark C.
Relator term author
700 ## - ADDED ENTRY--PERSONAL NAME
Personal name Mendoza, Louise Anne P.
Relator term author
700 ## - ADDED ENTRY--PERSONAL NAME
Personal name Panganiban, Jasmin M.
Relator term degree supervisor
942 ## - ADDED ENTRY ELEMENTS (KOHA)
Source of classification or shelving scheme Library of Congress Classification
Koha item type Theses and dissertations
Holdings
Withdrawn status Source of classification or shelving scheme Damaged status Not for loan Collection code Home library Current library Date acquired Total Checkouts Full call number Barcode Date last seen Copy number Price effective from Koha item type
  Library of Congress Classification     Reference Morong College Library Morong College Library 02/06/2020   QD281 .C337 2015 URSMOR-CL-004317 02/06/2020 1 09/16/2020 Theses and dissertations

University of Rizal System
Email us at univlibservices@urs.edu.ph

Visit our Website www.urs.edu.ph/library